000 02070nam a22002177a 4500
005 20260408102735.0
008 260316b |||||||| |||| 00| 0 eng d
020 _a9780691247625
037 _cTextual
040 _aRTL
_cRTL
084 _qRTL
_aX.73 R3
100 _aDeaton, Angus
_91132172
245 _aEconomics in America: An immigrant economist explores the land of inequality
260 _aNew Jersey
_bPrinceton
_c2023
300 _axiii, 271 p. : ill.
_bIncludes bibliographic references & Index
520 _aWhen economist Angus Deaton immigrated to the United States from Britain in the early 1980s, he was awed by America’s strengths and shocked by the extraordinary gaps he witnessed between people. Economics in America explains in clear terms how the field of economics addresses the most pressing issues of our time—from poverty, retirement, and the minimum wage to the ravages of the nation’s uniquely disastrous health care system—and narrates Deaton’s account of his experiences as a naturalized US citizen and academic economist. Deaton is witty and pulls no punches. In this incisive, candid, and funny book, he describes the everyday lives of working economists, recounting the triumphs as well as the disasters, and tells the inside story of the Nobel Prize in economics and the journey that led him to Stockholm to receive one. He discusses the ongoing tensions between economics and politics—and the extent to which economics has any content beyond the political prejudices of economists—and reflects on whether economists bear at least some responsibility for the growing despair and rising populism in America. Blending rare personal insights with illuminating perspectives on the social challenges that confront us today, Deaton offers a disarmingly frank critique of his own profession while shining a light on his adopted country’s policy accomplishments and failures.
650 _2Economics in America
650 _2Immigrant Economist
650 _2Social Science
942 _2CC
_n1
_cTB
_hX.73 R3
999 _c1715503
_d1715503